000 00637cam a22002293a 4500
001 45886
003 PGUSA
005 20140828084053.0
008 140605s2014||||xxu|||||s|||||000 p eng d
040 _aPGUSA
_beng
042 _adc
050 4 _aPQ
100 1 _aGautier, Théophile,
_d1811-1872
245 1 0 _aPoésies Complètes - Tome 2
_h[electronic resource] /
_cThéophile Gautier
260 _bProject Gutenberg,
_c2014
506 _aPublic domain in the USA.
516 _aElectronic text
653 _aFrench poetry
830 0 _aProject Gutenberg
_v45886
856 4 0 _uhttp://www.gutenberg.org/ebooks/45886
942 _cEB
999 _c275136
_d275136